000 01248cam a2200313 i 4500
999 _c43242
_d43242
001 43242
003 Mx-PuUPA
005 20240410104021.0
008 140415s1998 mx k frd 000 0 spa d
020 _a9682613132
040 _aMx-PuUPA
_bspa
_cMx-PuUPA
_dMx-PuUPA
_erda
041 1 _aspa
_hfre
100 1 _aAngenault, Jacques,
_910651
_eautor
240 1 0 _aLa chimie, dictionnaire encyclopédique.
_lEspañol
245 1 0 _aDiccionario enciclopédico de química /
_cJacques Angenault ; traducción, María Teresa Aguilar Ortega
250 _aPrimera edición
264 4 _aMéxico, D.F. :
_bCompañía Editorial Continental,
_c1998
300 _axviii, 568 páginas :
_bformularios ;
_c26 cm
336 _2rdacontent
_atexto
_btxt
337 _2rdamedia
_asin medio
_bn
338 _2rdacarrier
_avolumen
_bnc
650 4 _aDiccionario
_xQuímica
700 1 _aAguilar Ortega, María Teresa,
_etraductor
765 0 8 _aAngenault, Jacques,
_tLa chimie, dictionnaire encyclopédique.
_bSegunda edición
_dParís : Editions DUNOD, 1995
_z2100024973
942 _2ddc
_cLI
_h540.03
_iA585